Statistics for 50 Most Important People in Chicago History

Click here to take the quiz!

General Stats

  • This quiz has been taken 47 times
  • The average score is 16 of 50

Answer Stats

Known ForAnswer% Correct
Notorious GangsterAl Capone
88%
Chicago Bulls / SneakersMichael Jordan
82%
Former U.S. PresidentBarack Obama
76%
Mickey MouseWalt Disney
76%
Chicago Mayor / Democratic National ConventionRichard J. Daley
71%
Longest Serving Chicago MayorRichard M. Daley
71%
Chewing GumWilliam Wrigley Jr.
68%
Media Executive and Talk-show HostOprah Winfrey
62%
A Farewell to ArmsErnest Hemingway
59%
World Renowned Architect / Prairie SchoolFrank Lloyd Wright
59%
Secretary of State / First LadyHillary Clinton
56%
"Mr. Cub"Ernie Banks
50%
Fahrenheit 451Ray Bradbury
47%
Movie CriticRoger Ebert
47%
Physicist / Creator of First Nuclear ReactorEnrico Fermi
44%
"Papa Bear"George Halas
41%
Illinois Senator / Lincoln RivalStephen A. Douglas
41%
First African-American MayorHarold Washington
38%
Hull HouseJane Addams
38%
Nation of Islam LeaderLouis Farrakhan
38%
Civil Rights Activist / Minister / PoliticianJesse Jackson Sr.
32%
Prominent Lawyer / Scopes TrialClarence Darrow
29%
Department Stores / PhilanthropyMarshall Field
29%
Poet and Lincoln Biographer / "City of Big Shoulders"Carl Sandburg
24%
Inventor / Mechanical ReaperCyrus McCormick
24%
Magazine PublisherHugh Hefner
24%
Chicago BluesMuddy Waters
24%
Newspaper MagnateRobert R. McCormick
24%
Mid-20th Century Progressive PoliticianAdlai Stevenson II
21%
"Founder of Chicago"Jean Baptiste Point DuSable
21%
Nation of Islam / Mentor to Malcolm X and Muhammad AliElijah Muhammad
18%
Socialist Party of AmericaEugene V. Debs
18%
Doomed Industrialist / Worker StrikesGeorge Pullman
18%
Conservative EconomistMilton Friedman
18%
Modernist ArchitectureLudwig Mies van der Rohe
15%
First Female African-American SenatorCarol Moseley Braun
12%
World's Columbian Exposition ArchitectDaniel Burnham
12%
"Father of Skyscrapers"Louis Sullivan
12%
Two-time Secretary of Defense / Conservative PoliticianDonald Rumsfeld
9%
Posthumous Icon of the Civil Rights MovementEmmett Till
9%
Black Panther PartyFred Hampton
9%
Journalist / NAACP Co-founderIda B. Wells
9%
PragmatismJohn Dewey
9%
Meat Industry MagnateGustavus Swift
6%
The Man With the Golden ArmNelson Algren
6%
Fiction Writer / Three National Book AwardsSaul Bellow
6%
Blues and Rock and Roll PioneerBo Diddley
3%
Sears Department Stores / PhilanthropyJulius Rosenwald
3%
King of SoulSam Cooke
3%
Electrical InfrastructureSamuel Insull
0%

Score Distribution

Percentile by Number Answered

Percent of People with Each Score

Your Score History

You have not taken this quiz